000 00724nam a2200217 i 4500
001 104565
003 ES-MaACL
005 20250801043714.0
007 t|
008 051201s1973 mx |||| | spa d
100 1 _aMills, C. Wright.
_981277
245 1 3 _aLa élite del poder /
_cC. Wright Mills ; [traducción de Florentino M. Torner y Ernestina de Champourcin].
250 _a1ª ed., 5ª reimp.
260 _aMéxico :
_bFondo de Cultura Económica,
_c1973.
300 _a388 p. ;
_c21 cm.
650 4 _aÉlites-
_zEstados Unidos.
_912175
700 1 _aTorner, Florentino M.
_9110662
700 1 _aChampourcin, Ernestina de,
_d1905-1999
_937933
852 _aES-MaACL
_jE-6650
999 _c104565
_d104565